00683nam a22002057a 4500999001900000005001700019010001500036020001100051035001500062037001400077082000800091100002300099245007400122260003800196270003300234300002500267500004300292942002200335952012000357 c158012d15801220181013110020.0 aENG-124270 c150.00 a EN-107802 bDBAD/PUB. a471 aParimalagantham, A aStructural Reduplication in Tamil and Telugu /cby A. Parimalagantham aKuppambSathya Publicationsc2011 aPalace Road,bKuppame517425 axiv,178p.c20cm(pbk) ait includes Biblography and conclusion 2ddccENmPARh471 001040718NFICaDBADbBNd2018-10-14eDBAD/PUBg150.00l0o471 PARpEN-107802r2018-10-14 00:00:00t1v150.00yEN